Economic and social effects of zamindari abolition in Andhra (Record no. 499142)

000 -LEADER
fixed length control field 00345cam a22001097a 4500
008 - FIXED-LENGTH DATA ELEMENTS--GENERAL INFORMATION
fixed length control field 180718b1963 xxu||||| |||| 00| 0 eng d
082 ## - DEWEY DECIMAL CLASSIFICATION NUMBER
Classification number Y15x5451 In2
100 ## - MAIN ENTRY--PERSONAL NAME
Personal name Rao, B. Sarveswara
245 ## - TITLE STATEMENT
Title Economic and social effects of zamindari abolition in Andhra
Statement of responsibility, etc. by B. Sarveswara Rao
260 ## - PUBLICATION, DISTRIBUTION, ETC.
Place of publication, distribution, etc. Delhi
Name of publisher, distributor, etc. Govt. of India Press
Date of publication, distribution, etc. 1963
300 ## - PHYSICAL DESCRIPTION
Extent 100+p.
Holdings
Withdrawn status Lost status Damaged status Not for loan Permanent Location Current Location Date acquired Full call number Barcode Date last seen Price effective from Koha item type
        Indian Institute of Public Administration Indian Institute of Public Administration 2018-08-04 Y15x5451 In2 G5284 2018-08-04 2018-08-04 G

Powered by Koha